| 000 | 003430000a22001570004500 | ||
|---|---|---|---|
| 001 | 004186 | ||
| 003 | MACL | ||
| 040 | _aMACL | ||
| 090 |
_c16179 _d16178 |
||
| 100 | _aRanganathananda, Swami | ||
| 245 |
_aBhagavad Gita _cSwami Ranganathananda |
||
| 260 |
_aadvaita Ashrama, _c2001 |
||
| 350 | _a100 | ||
| 650 | _aReligion | ||
| 942 |
_k295 _cBook |
||
| 999 |
_c16077 _d16077 |
||